[Event "Nova Gorica op 24th"]
[Site "Nova Gorica"]
[Date "2019.01.28"]
[Round "6"]
[White "Harshal, Shahi"]
[Black "Zamar Kodelja, Jurij"]
[Result "1-0"]
[WhiteElo "2066"]
[BlackElo "2281"]
[PlyCount "95"]
[EventDate "2019.01.25"]
[EventType "swiss"]
[EventRounds "9"]
[EventCountry "SLO"]
[SourceTitle "CBM 188 Extra"]
[Source "ChessBase"]
[SourceDate "2019.02.26"]
[SourceVersion "1"]
[SourceVersionDate "2019.02.26"]
[SourceQuality "1"]

1. e4 c5 2. Nf3 d6 3. d4 cxd4 4. Nxd4 Nf6 5. Nc3 g6 6. Be3 Bg7 7. f3 Nc6 8. Qd2 0-0 9. Bc4 Bd7 10. Bb3 Nxd4 11. Bxd4 b5 12. 0-0 a5 13. a4 b4 14. Ne2 Qc8 15. c3 bxc3 16. Bxc3 Qb7 17. Bc4 Rfc8 18. b3 Be6 19. Bb5 d5 20. e5 Nd7 21. Qe3 Qb8 22. f4 Nc5 23. Bd4 Ne4 24. Ng3 Qb7 25. Kh1 Bf5 26. Nxf5 gxf5 27. Qh3 e6 28. g4 fxg4 29. Qxg4 Kh8 30. Rf3 Rg8 31. Qh4 Bf8 32. f5 exf5 33. Rxf5 Rg7 34. Raf1 Bc5 35. Rxf7 Qxf7 36. Rxf7 Bxd4 37. Rxg7 Kxg7 38. Bc6 Rf8 39. Bxd5 Rf1+ 40. Kg2 Rg1+ 41. Kf3 Ng5+ 42. Ke2 Bxe5 43. b4 axb4 44. Qxb4 Bxh2 45. a5 Rg3 46. a6 Bg1 47. Qe7+ Kh8 48. Qf8# 1-0

[Event "New Delhi Parsvnath op-A 16th"]
[Site "New Delhi"]
[Date "2018.01.09"]
[Round "1"]
[White "Gareyev, Timur"]
[Black "Harshal, Shahi"]
[Result "1-0"]
[WhiteElo "2605"]
[BlackElo "2056"]
[PlyCount "61"]
[EventDate "2018.01.09"]
[EventType "swiss"]
[EventRounds "10"]
[EventCountry "IND"]
[SourceTitle "CBM 182 Extra"]
[Source "ChessBase"]
[SourceDate "2018.02.23"]
[SourceVersion "1"]
[SourceVersionDate "2018.02.23"]
[SourceQuality "1"]

1. e4 c5 2. b4 e6 3. bxc5 Bxc5 4. d4 Be7 5. Nf3 d6 6. Bd3 Nd7 7. 0-0 Qc7 8. a4 Ngf6 9. Ba3 e5 10. Qd2 0-0 11. Nc3 a6 12. Rfe1 exd4 13. Nxd4 Ne5 14. f4 Qb6 15. Nce2 Nxd3 16. cxd3 Re8 17. a5 Qa7 18. h3 Bd7 19. Rab1 Rab8 20. Rb6 Bd8 21. Rb2 Bc7 22. Rc1 b6 23. Rbc2 Rbc8 24. Nc6 Bxc6 25. Rxc6 bxa5+ 26. Kh2 Red8 27. Bxd6 Ne8 28. e5 Qb7 29. Qc2 Rd7 30. Ng3 a4 31. Qxa4 1-0

[Event "Mumbai Wealth op 3rd"]
[Site "Mumbai"]
[Date "2018.01.06"]
[Round "8"]
[White "Harshal, Shahi"]
[Black "Deshpande, Abhishek"]
[Result "1/2-1/2"]
[WhiteElo "2184"]
[BlackElo "1829"]
[PlyCount "193"]
[EventDate "2017.12.30"]
[EventType "swiss"]
[EventRounds "9"]
[EventCountry "IND"]
[SourceTitle "CBM 182 Extra"]
[Source "ChessBase"]
[SourceDate "2018.02.23"]
[SourceVersion "1"]
[SourceVersionDate "2018.02.23"]
[SourceQuality "1"]

1. e4 d5 2. exd5 Qxd5 3. Nc3 Qd8 4. d4 c6 5. Bc4 Bf5 6. Nf3 e6 7. 0-0 Nf6 8. Re1 Be7 9. a3 Nbd7 10. Bd3 Bxd3 11. Qxd3 0-0 12. Ne2 Qc7 13. c4 Rad8 14. Qc2 c5 15. h3 b6 16. Be3 Rc8 17. Rec1 Qb7 18. dxc5 Bxc5 19. Bxc5 Rxc5 20. b4 Rc7 21. Qb3 Rfc8 22. Rc2 Qe4 23. Rac1 h6 24. Ng3 Qf4 25. Rc3 Ne5 26. Nxe5 Qxe5 27. Qc2 a5 28. Qb3 Nd5 29. R3c2 Nf4 30. c5 bxc5 31. bxc5 Rd8 32. Qb5 Qd5 33. f3 Qd4+ 34. Kh2 Qe5 35. Qc4 Rd4 36. Qf1 Rc6 37. Rc4 Rd5 38. Re4 Qc7 39. Rcc4 Rdxc5 40. Rxc5 Rxc5 41. Qd1 Nh5 42. f4 Nxf4 43. Rd4 Nh5 44. Rd8+ Kh7 45. Qd3+ f5 46. Qd6 Nxg3 47. Kxg3 Rc3+ 48. Kh2 Qxd6+ 49. Rxd6 e5 50. Rd5 Rxa3 51. Rxe5 Kg6 52. Rb5 Kf6 53. Rb6+ Kg5 54. Rb5 g6 55. Rb6 a4 56. Ra6 Ra1 57. Ra5 a3 58. Ra4 a2 59. Ra8 f4 60. Ra5+ Kh4 61. g3+ fxg3+ 62. Kg2 g5 63. Ra4+ Kh5 64. Ra6 g4 65. Ra5+ Kg6 66. hxg4 Kf7 67. Ra6 Ke7 68. Ra5 Ke6 69. Ra6+ Ke5 70. g5 hxg5 71. Ra5+ Kf4 72. Ra4+ Kf5 73. Ra5+ Kg4 74. Ra4+ Kh5 75. Ra5 Kh4 76. Ra4+ Kh5 77. Ra5 Rb1 78. Rxa2 Rb3 79. Ra4 Re3 80. Rb4 Ra3 81. Rc4 Kg6 82. Rb4 Re3 83. Ra4 Kf5 84. Ra5+ Kf4 85. Ra4+ Kf5 86. Ra5+ Kg4 87. Ra4+ Kh5 88. Rb4 Ra3 89. Rc4 g4 90. Rc8 Ra2+ 91. Kxg3 Ra3+ 92. Kg2 Ra5 93. Kg3 Rg5 94. Rh8+ Kg6 95. Rg8+ Kf5 96. Rf8+ Ke5 97. Rf4 1/2-1/2